000 00486nam a2200193Ia 4500
999 _c16331
_d16331
003 OSt
005 20210821151750.0
008 160316s1974 xxu||||| |||| 00| 0 eng
040 _cn
082 _a338.900000
_bFIF
100 _a
245 _aFifth five year plan 1974-79
260 _aNew Delhi
_bGovt. of India, Planning Commission
_c1974
300 _a242p
365 _bRs.100
650 _a1.Economic Development - Fifth Five Year Plan
700 _a
_a
942 _2ddc
_cBK